Normal view
MARC view
- Ball, Richard E.
Entry Personal Name
001 - CONTROL NUMBER
- control field: 6197
003 - CONTROL NUMBER IDENTIFIER
- control field: OSt
005 - DATE AND TIME OF LATEST TRANSACTION
- control field: 20170519082142.0
008 - FIXED-LENGTH DATA ELEMENTS
- fixed length control field: 170519|| aca||aabn | a|a d
040 ## - CATALOGING SOURCE
- Original cataloging agency: OSt
- Transcribing agency: OSt
100 ## - HEADING--PERSONAL NAME
- Personal name: Ball, Richard E.
- Fuller form of name: (Richard Edward),
- Dates associated with a name: 1919-
670 ## - SOURCE DATA FOUND
- Source citation: Work cat.: (OSt)0: Schwartzman, Sylvan David 6195, Elements of financial analysis /, 1977.

PORTAL AKMAL
E-MEL JKDM
AKMAL2U
G-BAM
u-PUSTAKA